Devanagari Consonants - Statistics

General Stats
  • This quiz has been taken 391 times
  • The average score is 19 of 27
Answer Stats
Hint Answer % Correct
k
90%
m
88%
n
88%
p
85%
r
85%
g
81%
b
80%
l
79%
s
79%
kh
78%
ph
77%
c
75%
d
75%
h
75%
j
75%
t
74%
v
73%
gh
72%
y
71%
ch
68%
bh
64%
sh
63%
th
60%
jh
59%
dh
56%
ng
45%
ny
35%
No matching quizzes found
Score Distribution
Percent of People with Each Score
Percentile by Number Answered
Your Score History
You have not taken this quiz